000 00627nam a2200253Ia 4500
003 OSt
005 20221007100159.0
006 a|||||r|||| 00| 0
007 ta
008 221006b |||||||| |||| 00| 0 eng d
024 _a3,929
037 _cTextual
040 _aLCO
_cLCO
_beng
041 _2eng
_aeng
082 _aZ2,342, L8
100 _aRAMAKRISHNA P V
_9397886
245 0 _aLaw of bails.
250 _a3
260 _aAllahabad
_bLaw book company.
_c1978
300 _a616
650 _aBAIL LAW.
_9701345
942 _hZ2,342, L8
_cTEXL
999 _c1173492
_d1173492